<?xml version="1.0" encoding="UTF-8"?>
<record
    xmlns:xsi="http://www.w3.org/2001/XMLSchema-instance"
    xsi:schemaLocation="http://www.loc.gov/MARC21/slim http://www.loc.gov/standards/marcxml/schema/MARC21slim.xsd"
    xmlns="http://www.loc.gov/MARC21/slim">

  <leader>03176nam a22003257a 4500</leader>
  <controlfield tag="003">NALT</controlfield>
  <controlfield tag="005">20230628172312.0</controlfield>
  <controlfield tag="008">230513b        th ||||| |||| 00| 0 tha d</controlfield>
  <datafield tag="020" ind1=" " ind2=" ">
    <subfield code="a">9789749772874</subfield>
  </datafield>
  <datafield tag="040" ind1=" " ind2=" ">
    <subfield code="a">NALT</subfield>
  </datafield>
  <datafield tag="041" ind1=" " ind2=" ">
    <subfield code="a">tha</subfield>
  </datafield>
  <datafield tag="050" ind1=" " ind2=" ">
    <subfield code="a">HM 821</subfield>
    <subfield code="b">&#xE04;181 2551</subfield>
  </datafield>
  <datafield tag="245" ind1="0" ind2="0">
    <subfield code="a">&#xE04;&#xE27;&#xE32;&#xE21;&#xE40;&#xE2A;&#xE21;&#xE2D;&#xE20;&#xE32;&#xE04; :</subfield>
    <subfield code="b">&#xE04;&#xE27;&#xE32;&#xE21;&#xE40;&#xE2A;&#xE21;&#xE2D;&#xE20;&#xE32;&#xE04;--&#xE23;&#xE48;&#xE27;&#xE21;&#xE43;&#xE08;&#xE23;&#xE31;&#xE01; &#xE23;&#xE48;&#xE27;&#xE21;&#xE43;&#xE08;&#xE1E;&#xE31;&#xE12;&#xE19;&#xE32; &#xE2A;&#xE39;&#xE48;&#xE2A;&#xE31;&#xE07;&#xE04;&#xE21;&#xE2D;&#xE1A;&#xE2D;&#xE38;&#xE48;&#xE19;.</subfield>
    <subfield code="p">&#xE40;&#xE2D;&#xE01;&#xE2A;&#xE32;&#xE23;&#xE1B;&#xE23;&#xE30;&#xE01;&#xE2D;&#xE1A;&#xE01;&#xE32;&#xE23;&#xE1B;&#xE23;&#xE30;&#xE0A;&#xE38;&#xE21;&#xE01;&#xE25;&#xE38;&#xE48;&#xE21;&#xE22;&#xE48;&#xE2D;&#xE22; &#xE01;&#xE25;&#xE38;&#xE48;&#xE21; "&#xE40;&#xE09;&#xE1E;&#xE32;&#xE30;" /</subfield>
    <subfield code="c">&#xE23;&#xE27;&#xE1A;&#xE23;&#xE27;&#xE21;&#xE41;&#xE25;&#xE30;&#xE40;&#xE23;&#xE35;&#xE22;&#xE1A;&#xE40;&#xE23;&#xE35;&#xE22;&#xE07; : &#xE28;&#xE34;&#xE23;&#xE34;&#xE1E;&#xE23; &#xE1B;&#xE23;&#xE30;&#xE19;&#xE21;&#xE1E;&#xE19;&#xE18;&#xE4C;.</subfield>
  </datafield>
  <datafield tag="250" ind1=" " ind2=" ">
    <subfield code="a">&#xE1E;&#xE34;&#xE21;&#xE1E;&#xE4C;&#xE04;&#xE23;&#xE31;&#xE49;&#xE07;&#xE17;&#xE35;&#xE48; 1.</subfield>
  </datafield>
  <datafield tag="260" ind1=" " ind2=" ">
    <subfield code="a">&#xE01;&#xE23;&#xE38;&#xE07;&#xE40;&#xE17;&#xE1E;&#xE2F; :</subfield>
    <subfield code="b">&#xE28;&#xE39;&#xE19;&#xE22;&#xE4C;&#xE2A;&#xE48;&#xE07;&#xE40;&#xE2A;&#xE23;&#xE34;&#xE21;&#xE41;&#xE25;&#xE30;&#xE1E;&#xE31;&#xE12;&#xE19;&#xE32;&#xE1E;&#xE25;&#xE31;&#xE07;&#xE41;&#xE1C;&#xE48;&#xE19;&#xE14;&#xE34;&#xE19;&#xE40;&#xE0A;&#xE34;&#xE07;&#xE04;&#xE38;&#xE13;&#xE18;&#xE23;&#xE23;&#xE21; (&#xE28;&#xE39;&#xE19;&#xE22;&#xE4C;&#xE04;&#xE38;&#xE13;&#xE18;&#xE23;&#xE23;&#xE21;),</subfield>
    <subfield code="c">2551.</subfield>
  </datafield>
  <datafield tag="300" ind1=" " ind2=" ">
    <subfield code="a">60 &#xE2B;&#xE19;&#xE49;&#xE32; ;</subfield>
    <subfield code="c">21 &#xE0B;&#xE21;.</subfield>
  </datafield>
  <datafield tag="490" ind1=" " ind2=" ">
    <subfield code="a">&#xE40;&#xE2D;&#xE01;&#xE2A;&#xE32;&#xE23;&#xE1B;&#xE23;&#xE30;&#xE01;&#xE2D;&#xE1A;&#xE01;&#xE32;&#xE23;&#xE1B;&#xE23;&#xE30;&#xE0A;&#xE38;&#xE21;&#xE01;&#xE25;&#xE38;&#xE48;&#xE21;&#xE22;&#xE48;&#xE2D;&#xE22; &#xE01;&#xE25;&#xE38;&#xE48;&#xE21; "&#xE40;&#xE09;&#xE1E;&#xE32;&#xE30;";</subfield>
    <subfield code="v">&#xE40;&#xE25;&#xE48;&#xE21; 12.</subfield>
  </datafield>
  <datafield tag="500" ind1=" " ind2=" ">
    <subfield code="a">&#xE2A;&#xE21;&#xE31;&#xE0A;&#xE0A;&#xE32;&#xE04;&#xE38;&#xE13;&#xE18;&#xE23;&#xE23;&#xE21;&#xE41;&#xE2B;&#xE48;&#xE07;&#xE0A;&#xE32;&#xE15;&#xE34;&#xE41;&#xE25;&#xE30;&#xE15;&#xE25;&#xE32;&#xE14;&#xE19;&#xE31;&#xE14;&#xE04;&#xE38;&#xE13;&#xE18;&#xE23;&#xE23;&#xE21; &#xE04;&#xE23;&#xE31;&#xE49;&#xE07;&#xE17;&#xE35;&#xE48; 3 &#xE27;&#xE31;&#xE19;&#xE17;&#xE35;&#xE48; 25-27 &#xE21;&#xE01;&#xE23;&#xE32;&#xE04;&#xE21; 2551 &#xE13; &#xE2D;&#xE32;&#xE04;&#xE32;&#xE23; 9 &#xE40;&#xE21;&#xE37;&#xE2D;&#xE07;&#xE17;&#xE2D;&#xE07;&#xE18;&#xE32;&#xE19;&#xE35; &#xE08;.&#xE19;&#xE19;&#xE17;&#xE1A;&#xE38;&#xE23;&#xE35;.</subfield>
  </datafield>
  <datafield tag="505" ind1="0" ind2=" ">
    <subfield code="a">&#xE1B;&#xE23;&#xE30;&#xE40;&#xE14;&#xE47;&#xE19;&#xE04;&#xE38;&#xE13;&#xE18;&#xE23;&#xE23;&#xE21; -- &#xE40;&#xE1B;&#xE49;&#xE32;&#xE2B;&#xE21;&#xE32;&#xE22;&#xE01;&#xE32;&#xE23;&#xE1E;&#xE31;&#xE12;&#xE19;&#xE32; -- &#xE20;&#xE32;&#xE04; 1 : &#xE40;&#xE23;&#xE35;&#xE22;&#xE19;&#xE23;&#xE39;&#xE49;&#xE08;&#xE32;&#xE01;&#xE1B;&#xE23;&#xE30;&#xE2A;&#xE1A;&#xE01;&#xE32;&#xE23;&#xE13;&#xE4C;&#xE08;&#xE23;&#xE34;&#xE07; -- &#xE20;&#xE32;&#xE04; 2 : &#xE40;&#xE23;&#xE35;&#xE22;&#xE19;&#xE23;&#xE39;&#xE49;&#xE08;&#xE32;&#xE01;&#xE21;&#xE38;&#xE21;&#xE21;&#xE2D;&#xE07;&#xE02;&#xE2D;&#xE07;&#xE19;&#xE31;&#xE01;&#xE27;&#xE34;&#xE0A;&#xE32;&#xE01;&#xE32;&#xE23; : &#xE41;&#xE19;&#xE27;&#xE04;&#xE34;&#xE14;&#xE40;&#xE01;&#xE35;&#xE48;&#xE22;&#xE27;&#xE01;&#xE31;&#xE1A;&#xE01;&#xE32;&#xE23;&#xE27;&#xE34;&#xE08;&#xE31;&#xE22;&#xE40;&#xE1E;&#xE37;&#xE48;&#xE2D;&#xE01;&#xE32;&#xE23;&#xE1E;&#xE31;&#xE12;&#xE19;&#xE32;&#xE2A;&#xE31;&#xE07;&#xE04;&#xE21; / &#xE19;&#xE34;&#xE28;&#xE32; &#xE0A;&#xE39;&#xE42;&#xE15; ; &#xE41;&#xE19;&#xE27;&#xE17;&#xE32;&#xE07;&#xE43;&#xE19;&#xE01;&#xE32;&#xE23;&#xE14;&#xE33;&#xE40;&#xE19;&#xE34;&#xE19;&#xE01;&#xE32;&#xE23;&#xE41;&#xE01;&#xE49;&#xE1B;&#xE31;&#xE0D;&#xE2B;&#xE32;&#xE40;&#xE14;&#xE47;&#xE01;&#xE40;&#xE23;&#xE48;&#xE23;&#xE48;&#xE2D;&#xE19; / &#xE27;&#xE35;&#xE23;&#xE40;&#xE17;&#xE1E; &#xE1B;&#xE17;&#xE38;&#xE21;&#xE40;&#xE08;&#xE23;&#xE34;&#xE0D;&#xE27;&#xE31;&#xE12;&#xE19; ; &#xE1B;&#xE23;&#xE30;&#xE21;&#xE27;&#xE25;&#xE2A;&#xE32;&#xE23;&#xE30;&#xE04;&#xE27;&#xE32;&#xE21;&#xE23;&#xE39;&#xE49; / &#xE28;&#xE34;&#xE23;&#xE34;&#xE1E;&#xE23; &#xE1B;&#xE23;&#xE30;&#xE19;&#xE21;&#xE1E;&#xE31;&#xE19;&#xE18;&#xE4C; -- &#xE20;&#xE32;&#xE04; 3 : &#xE1B;&#xE23;&#xE30;&#xE40;&#xE14;&#xE47;&#xE19;&#xE01;&#xE32;&#xE23;&#xE40;&#xE2A;&#xE27;&#xE19;&#xE32; : &#xE1A;&#xE17;&#xE40;&#xE23;&#xE35;&#xE22;&#xE19;&#xE08;&#xE32;&#xE01;&#xE32;&#xE23;&#xE1B;&#xE0F;&#xE34;&#xE1A;&#xE31;&#xE15;&#xE34;&#xE08;&#xE23;&#xE34;&#xE07;&#xE41;&#xE25;&#xE30;&#xE08;&#xE32;&#xE01;&#xE2B;&#xE25;&#xE31;&#xE01;&#xE27;&#xE34;&#xE0A;&#xE32; ; &#xE41;&#xE19;&#xE27;&#xE04;&#xE33;&#xE16;&#xE32;&#xE21;&#xE43;&#xE19;&#xE01;&#xE32;&#xE23;&#xE40;&#xE2A;&#xE27;&#xE19;&#xE32;.</subfield>
  </datafield>
  <datafield tag="650" ind1=" " ind2="4">
    <subfield code="a">&#xE2A;&#xE34;&#xE17;&#xE18;&#xE34;&#xE21;&#xE19;&#xE38;&#xE29;&#xE22;&#xE0A;&#xE19; </subfield>
    <subfield code="x">&#xE41;&#xE07;&#xE48;&#xE2A;&#xE31;&#xE07;&#xE04;&#xE21;</subfield>
    <subfield code="9">48881</subfield>
  </datafield>
  <datafield tag="650" ind1=" " ind2="4">
    <subfield code="a">&#xE04;&#xE27;&#xE32;&#xE21;&#xE40;&#xE2A;&#xE21;&#xE2D;&#xE20;&#xE32;&#xE04; </subfield>
    <subfield code="9">47368</subfield>
    <subfield code="x">&#xE41;&#xE07;&#xE48;&#xE2A;&#xE31;&#xE07;&#xE04;&#xE21;</subfield>
  </datafield>
  <datafield tag="700" ind1="0" ind2=" ">
    <subfield code="9">54167</subfield>
    <subfield code="a">&#xE19;&#xE34;&#xE28;&#xE32; &#xE0A;&#xE39;&#xE42;&#xE15;</subfield>
  </datafield>
  <datafield tag="700" ind1="0" ind2=" ">
    <subfield code="9">61089</subfield>
    <subfield code="a">&#xE27;&#xE35;&#xE23;&#xE40;&#xE17;&#xE1E; &#xE1B;&#xE17;&#xE38;&#xE21;&#xE40;&#xE08;&#xE23;&#xE34;&#xE0D;&#xE27;&#xE31;&#xE12;&#xE19;&#xE32;</subfield>
  </datafield>
  <datafield tag="700" ind1="0" ind2=" ">
    <subfield code="9">61090</subfield>
    <subfield code="a">&#xE28;&#xE34;&#xE23;&#xE34;&#xE1E;&#xE23; &#xE1B;&#xE23;&#xE30;&#xE19;&#xE21;&#xE1E;&#xE31;&#xE19;&#xE18;&#xE4C;</subfield>
  </datafield>
  <datafield tag="710" ind1="2" ind2=" ">
    <subfield code="9">10913</subfield>
    <subfield code="a">&#xE28;&#xE39;&#xE19;&#xE22;&#xE4C;&#xE2A;&#xE48;&#xE07;&#xE40;&#xE2A;&#xE23;&#xE34;&#xE21;&#xE41;&#xE25;&#xE30;&#xE1E;&#xE31;&#xE12;&#xE19;&#xE32;&#xE1E;&#xE25;&#xE31;&#xE07;&#xE41;&#xE1C;&#xE48;&#xE19;&#xE14;&#xE34;&#xE19;&#xE40;&#xE0A;&#xE34;&#xE07;&#xE04;&#xE38;&#xE13;&#xE18;&#xE23;&#xE23;&#xE21; (&#xE28;&#xE39;&#xE19;&#xE22;&#xE4C;&#xE04;&#xE38;&#xE13;&#xE18;&#xE23;&#xE23;&#xE21;) </subfield>
  </datafield>
  <datafield tag="850" ind1=" " ind2=" ">
    <subfield code="a">NALT</subfield>
  </datafield>
  <datafield tag="942" ind1=" " ind2=" ">
    <subfield code="c">GB</subfield>
    <subfield code="2">lcc</subfield>
  </datafield>
  <datafield tag="996" ind1=" " ind2=" ">
    <subfield code="a">kornsiririn.r</subfield>
    <subfield code="b">CATSTF	</subfield>
    <subfield code="c">2023-05-13</subfield>
  </datafield>
  <datafield tag="996" ind1=" " ind2=" ">
    <subfield code="a">phornvitoo</subfield>
    <subfield code="b">CATSTF	</subfield>
    <subfield code="c">2023-06-28</subfield>
  </datafield>
  <datafield tag="999" ind1=" " ind2=" ">
    <subfield code="c">102154</subfield>
    <subfield code="d">102154</subfield>
  </datafield>
  <datafield tag="998" ind1=" " ind2=" ">
    <subfield code="j">3099</subfield>
    <subfield code="k"> &#xE1E;&#xE23;&#xE27;&#xE34;&#xE17;&#xE39;  &#xE42;&#xE04;&#xE49;&#xE27;&#xE04;&#xE0A;&#xE32;&#xE20;&#xE23;&#xE13;&#xE4C;</subfield>
  </datafield>
  <datafield tag="952" ind1=" " ind2=" ">
    <subfield code="0">0</subfield>
    <subfield code="1">0</subfield>
    <subfield code="2">lcc</subfield>
    <subfield code="4">0</subfield>
    <subfield code="7">0</subfield>
    <subfield code="8">CSEN</subfield>
    <subfield code="a">NALT</subfield>
    <subfield code="b">NALT</subfield>
    <subfield code="c">GEN</subfield>
    <subfield code="d">2023-05-13</subfield>
    <subfield code="o">HM 821 &#xE04;181 2551</subfield>
    <subfield code="p">0100005220001</subfield>
    <subfield code="r">2023-06-29 00:00:00</subfield>
    <subfield code="w">2023-05-13</subfield>
    <subfield code="y">GB</subfield>
  </datafield>
</record>
